000 01369cad a22002535a 4500
001 L145183
008 080915e20080902xxk f lf000 0 eng d
035 _a(Sirsi) u145183
041 0 _aeng
050 0 4 _a306.1 $2 18
110 2 _aUnited Kingdom
_kLaws, etc.
_95044
245 0 0 _aStamp Duty Land Tax (Variation of Part 4 of the Finance Act 2003) Regulations 2008
_h[electronic resource]
260 _aLondon
_bOPSI
_c2008
490 0 _aSI
_v2008: 2338
520 _aThese regulations provide that property acquisitions that are exempt from charge under the Stamp Duty Land Tax (Exemption of Certain Acquisitions of Residential Property) Regulations 2008 are not excepted from notification. An impact assessment has not been produced for this instrument; as a negligible effect is predicted on private or voluntary schemes. Comes into force 3 September 2008.
520 _aSee also The Stamp Duty Land Tax (Exemption of Certain Acquisitions of Residential Property) Regulations 2008 (L145182).
521 _aAdvanced
590 _aKA NTK
650 2 4 _aSTAMP DUTY LAND TAX (VARIATION OF PART 4 OF THE FINANCE ACT 2003) REGULATIONS 2008
651 4 _aEngland and Wales
_y1543-
690 _aPROPERTY-PROPERTY TAXATION
856 4 0 _uhttps://www.opsi.gov.uk/si/si2008/uksi_20082338_en_1
_zView the item free of charge online at www.opsi.gov.uk...
942 _n0
999 _c108711
_d108711